[Event "Blitz 2018"]
[Site "Saint-Petersburg"]
[Date "2018.12.29"]
[Round "2"]
[Board "41"]
[White "Riazantsev Alexander (RUS)"]
[Black "Vokhidov Shamsiddin (UZB)"]
[Result "1-0"]
[LiveChessVersion "1.4.8"]
[BlackElo "2414"]
[WhiteElo "2633"]

1. d4 {[%clk 0:03:04]} d5 {[%clk 0:03:03]} 2. c4 {[%clk 0:03:05]} e6
{[%clk 0:03:05]} 3. Nf3 {[%clk 0:03:06]} c6 {[%clk 0:03:06]} 4. b3
{[%clk 0:03:06]} Nf6 {[%clk 0:02:57]} 5. e3 {[%clk 0:03:07]} b6 {[%clk 0:02:53]}
6. Nbd2 {[%clk 0:03:07]} Bb7 {[%clk 0:02:54]} 7. Bb2 {[%clk 0:03:07]} Nbd7
{[%clk 0:02:55]} 8. Bd3 {[%clk 0:03:08]} Be7 {[%clk 0:02:40]} 9. O-O
{[%clk 0:03:09]} O-O {[%clk 0:02:40]} 10. Qe2 {[%clk 0:03:10]} c5
{[%clk 0:02:41]} 11. cxd5 {[%clk 0:03:10]} Nxd5 {[%clk 0:02:31]} 12. a3
{[%clk 0:03:06]} Rc8 {[%clk 0:02:31]} 13. Nc4 {[%clk 0:03:02]} Qc7
{[%clk 0:02:30]} 14. Rac1 {[%clk 0:02:30]} Qb8 {[%clk 0:02:30]} 15. Nfe5
{[%clk 0:02:32]} Nxe5 {[%clk 0:02:24]} 16. dxe5 {[%clk 0:02:33]} f5
{[%clk 0:01:39]} 17. exf6 {[%clk 0:02:32]} Bxf6 {[%clk 0:01:34]} 18. Qg4
{[%clk 0:01:59]} Rce8 {[%clk 0:01:17]} 19. Qh3 {[%clk 0:01:47]} g6
{[%clk 0:01:11]} 20. Bxf6 {[%clk 0:01:47]} Rxf6 {[%clk 0:01:08]} 21. Qg3
{[%clk 0:01:30]} Qxg3 22. hxg3 {[%clk 0:01:32]} Rd8 {[%clk 0:01:00]} 23. Rfd1
{[%clk 0:01:28]} Ne7 {[%clk 0:00:57]} 24. Be2 {[%clk 0:01:25]} Rff8
{[%clk 0:00:54]} 25. Bf3 {[%clk 0:01:18]} Bd5 {[%clk 0:00:50]} 26. Nd2
{[%clk 0:00:54]} Rd7 {[%clk 0:00:40]} 27. b4 {[%clk 0:00:49]} Rfd8
{[%clk 0:00:35]} 28. Nb1 {[%clk 0:00:42]} cxb4 {[%clk 0:00:27]} 29. axb4
{[%clk 0:00:42]} Bxf3 {[%clk 0:00:25]} 30. Rxd7 {[%clk 0:00:44]} Rxd7
{[%clk 0:00:26]} 31. gxf3 {[%clk 0:00:45]} b5 {[%clk 0:00:17]} 32. Na3
{[%clk 0:00:31]} a6 {[%clk 0:00:17]} 33. Kg2 {[%clk 0:00:31]} Nd5
{[%clk 0:00:17]} 34. Rc8+ {[%clk 0:00:29]} Kf7 {[%clk 0:00:17]} 35. Nc2
{[%clk 0:00:31]} Rc7 {[%clk 0:00:09]} 36. Rxc7+ {[%clk 0:00:32]} Nxc7 37. e4 e5
{[%clk 0:00:09]} 38. f4 {[%clk 0:00:35]} exf4 {[%clk 0:00:09]} 39. gxf4
{[%clk 0:00:36]} Ne6 {[%clk 0:00:06]} 40. Kf3 {[%clk 0:00:37]} Kf6
{[%clk 0:00:05]} 41. Ne3 {[%clk 0:00:33]} Nd4+ {[%clk 0:00:05]} 42. Kg3
{[%clk 0:00:32]} 1-0

[Event "Blitz 2018"]
[Site "Saint-Petersburg"]
[Date "2018.12.29"]
[Round "2"]
[Board "42"]
[White "Paravyan David (RUS)"]
[Black "Shubin Kirill (RUS)"]
[Result "1/2-1/2"]
[LiveChessVersion "1.4.8"]
[BlackElo "2398"]
[WhiteElo "2629"]

1. d4 {[%clk 0:03:03]} e6 {[%clk 0:03:03]} 2. e4 {[%clk 0:03:02]} d5
{[%clk 0:03:04]} 3. exd5 {[%clk 0:03:04]} exd5 {[%clk 0:03:06]} 4. Bb5+
{[%clk 0:03:04]} c6 {[%clk 0:03:00]} 5. Bd3 {[%clk 0:03:05]} Bd6 {[%clk 0:02:55]}
6. Nf3 {[%clk 0:03:06]} Ne7 {[%clk 0:02:54]} 7. O-O {[%clk 0:03:06]} h6
{[%clk 0:02:48]} 8. b3 {[%clk 0:03:06]} O-O {[%clk 0:02:45]} 9. c4
{[%clk 0:03:07]} Bf5 {[%clk 0:02:43]} 10. Nc3 {[%clk 0:03:05]} Bxd3
{[%clk 0:02:31]} 11. Qxd3 {[%clk 0:03:06]} Nd7 {[%clk 0:02:31]} 12. Re1
{[%clk 0:03:06]} Nf6 {[%clk 0:02:25]} 13. Bd2 {[%clk 0:02:57]} dxc4
{[%clk 0:02:04]} 14. bxc4 {[%clk 0:02:57]} Qd7 {[%clk 0:02:05]} 15. Re2
{[%clk 0:02:44]} Rad8 {[%clk 0:01:56]} 16. Rae1 {[%clk 0:02:43]} Ng6
{[%clk 0:01:56]} 17. Qb1 {[%clk 0:02:31]} b6 {[%clk 0:01:47]} 18. Bc1
{[%clk 0:02:18]} Qc7 {[%clk 0:01:39]} 19. g3 {[%clk 0:02:14]} Rfe8
{[%clk 0:01:24]} 20. Rxe8+ {[%clk 0:02:10]} Rxe8 {[%clk 0:01:25]} 21. Rxe8+
{[%clk 0:02:11]} Nxe8 {[%clk 0:01:26]} 22. Qf5 {[%clk 0:02:10]} Ne7
{[%clk 0:01:13]} 23. Qc2 {[%clk 0:01:46]} Nf6 {[%clk 0:01:11]} 24. Nd1
{[%clk 0:01:44]} Qd7 {[%clk 0:01:08]} 25. Ne3 {[%clk 0:01:43]} Qe6
{[%clk 0:00:58]} 26. Bb2 {[%clk 0:01:14]} Qe4 {[%clk 0:00:38]} 27. Qxe4
{[%clk 0:01:14]} Nxe4 {[%clk 0:00:39]} 28. Kf1 {[%clk 0:01:15]} f5
{[%clk 0:00:33]} 29. Ke2 {[%clk 0:01:07]} Kf7 {[%clk 0:00:31]} 30. Ne1
{[%clk 0:00:59]} h5 {[%clk 0:00:17]} 31. Nd3 {[%clk 0:00:46]} h4 {[%clk 0:00:18]}
32. f3 {[%clk 0:00:25]} hxg3 {[%clk 0:00:12]} 33. fxe4 {[%clk 0:00:13]} fxe4
{[%clk 0:00:14]} 34. hxg3 {[%clk 0:00:07]} exd3+ {[%clk 0:00:15]} 35. Kxd3
{[%clk 0:00:08]} Bxg3 {[%clk 0:00:16]} 36. Ke4 {[%clk 0:00:07]} g5
{[%clk 0:00:13]} 37. d5 {[%clk 0:00:06]} cxd5+ {[%clk 0:00:13]} 38. cxd5
{[%clk 0:00:08]} Nc8 {[%clk 0:00:11]} 39. Kf5 {[%clk 0:00:04]} Bf4
{[%clk 0:00:12]} 40. Nc4 {[%clk 0:00:05]} Nd6+ {[%clk 0:00:09]} 41. Ke4 1/2-1/2

[Event "Blitz 2018"]
[Site "Saint-Petersburg"]
[Date "2018.12.29"]
[Round "2"]
[Board "43"]
[White "Le Quang Liem (VIE)"]
[Black "Sharma Dinesh K. (IND)"]
[Result "1-0"]
[LiveChessVersion "1.4.8"]
[BlackElo "2383"]
[WhiteElo "2749"]

1. c4 {[%clk 0:03:03]} e6 {[%clk 0:03:02]} 2. Nc3 {[%clk 0:03:03]} d5
{[%clk 0:03:03]} 3. d4 {[%clk 0:03:04]} c6 {[%clk 0:03:02]} 4. e4
{[%clk 0:03:01]} dxe4 {[%clk 0:02:58]} 5. Nxe4 {[%clk 0:03:02]} Bb4+
{[%clk 0:02:59]} 6. Nc3 {[%clk 0:03:02]} Nf6 {[%clk 0:02:56]} 7. Nge2
{[%clk 0:02:42]} O-O {[%clk 0:02:51]} 8. a3 {[%clk 0:02:42]} Be7 {[%clk 0:02:44]}
9. g3 {[%clk 0:02:33]} b6 {[%clk 0:02:44]} 10. Bg2 {[%clk 0:02:34]} Bb7
{[%clk 0:02:45]} 11. O-O {[%clk 0:02:33]} Qc8 {[%clk 0:02:39]} 12. Qc2
{[%clk 0:02:23]} Nbd7 {[%clk 0:02:20]} 13. Bf4 {[%clk 0:02:19]} Re8
{[%clk 0:02:02]} 14. Rad1 {[%clk 0:02:11]} Bf8 {[%clk 0:02:01]} 15. Be3
{[%clk 0:01:56]} e5 {[%clk 0:01:54]} 16. Rfe1 {[%clk 0:01:25]} exd4
{[%clk 0:01:32]} 17. Nxd4 {[%clk 0:01:26]} Ne5 {[%clk 0:01:10]} 18. Bg5
{[%clk 0:01:22]} Nfd7 {[%clk 0:00:31]} 19. Nf5 {[%clk 0:01:08]} h6
{[%clk 0:00:16]} 20. Bf4 {[%clk 0:01:01]} Ng6 {[%clk 0:00:16]} 21. Bd6
{[%clk 0:00:58]} Rxe1+ {[%clk 0:00:16]} 22. Rxe1 {[%clk 0:00:59]} c5
{[%clk 0:00:17]} 23. Bxf8 {[%clk 0:00:55]} Ndxf8 {[%clk 0:00:14]} 24. Nd6
{[%clk 0:00:55]} Qc7 {[%clk 0:00:07]} 25. Ncb5 {[%clk 0:00:45]} Qd7
{[%clk 0:00:07]} 26. Nxb7 {[%clk 0:00:41]} a6 {[%clk 0:00:07]} 27. Nxc5
{[%clk 0:00:39]} 1-0

[Event "Blitz 2018"]
[Site "Saint-Petersburg"]
[Date "2018.12.29"]
[Round "2"]
[Board "44"]
[White "Sokolov Andrei (LAT)"]
[Black "Svidler Peter (RUS)"]
[Result "0-1"]
[LiveChessVersion "1.4.8"]
[BlackElo "2770"]
[WhiteElo "2507"]

1. d4 {[%clk 0:03:04]} d6 {[%clk 0:03:03]} 2. Nf3 {[%clk 0:03:02]} Bg4
{[%clk 0:03:03]} 3. g3 {[%clk 0:03:00]} Bxf3 {[%clk 0:03:01]} 4. exf3
{[%clk 0:03:02]} g6 {[%clk 0:03:01]} 5. Bg2 {[%clk 0:02:59]} Bg7 {[%clk 0:03:01]}
6. f4 {[%clk 0:02:57]} c6 {[%clk 0:02:59]} 7. O-O {[%clk 0:02:57]} e6
{[%clk 0:02:57]} 8. c3 {[%clk 0:02:57]} Ne7 {[%clk 0:02:58]} 9. Re1
{[%clk 0:02:55]} O-O {[%clk 0:02:58]} 10. Nd2 {[%clk 0:02:54]} Nd7
{[%clk 0:02:57]} 11. Nf3 {[%clk 0:02:50]} Qc7 {[%clk 0:02:55]} 12. Be3
{[%clk 0:02:32]} c5 {[%clk 0:02:49]} 13. dxc5 {[%clk 0:02:25]} Nxc5
{[%clk 0:02:50]} 14. Bd4 {[%clk 0:02:22]} Bxd4 {[%clk 0:02:26]} 15. Nxd4
{[%clk 0:02:21]} a6 {[%clk 0:02:27]} 16. h4 {[%clk 0:02:16]} Rac8
{[%clk 0:02:21]} 17. h5 {[%clk 0:02:11]} Nd7 {[%clk 0:02:15]} 18. Qg4
{[%clk 0:01:50]} Nf6 {[%clk 0:02:04]} 19. Qh4 {[%clk 0:01:47]} Nxh5
{[%clk 0:01:57]} 20. Bf3 {[%clk 0:01:34]} Ng7 {[%clk 0:01:58]} 21. Kg2
{[%clk 0:01:05]} e5 {[%clk 0:00:40]} 22. fxe5 {[%clk 0:00:56]} dxe5
{[%clk 0:00:41]} 23. Qf6 {[%clk 0:00:49]} exd4 {[%clk 0:00:36]} 24. Rxe7
{[%clk 0:00:42]} Qd8 {[%clk 0:00:27]} 25. Rae1 {[%clk 0:00:32]} Nf5
{[%clk 0:00:23]} 26. cxd4 {[%clk 0:00:13]} Rc7 {[%clk 0:00:21]} 0-1

[Event "Blitz 2018"]
[Site "Saint-Petersburg"]
[Date "2018.12.29"]
[Round "2"]
[Board "46"]
[White "Gelfand Boris (ISR)"]
[Black "Tukhaev Adam (UKR)"]
[Result "1/2-1/2"]
[LiveChessVersion "1.4.8"]
[BlackElo "2529"]
[WhiteElo "2722"]

1. Nf3 {[%clk 0:03:03]} g6 {[%clk 0:03:03]} 2. e4 {[%clk 0:03:01]} d6
{[%clk 0:03:03]} 3. c4 {[%clk 0:03:02]} Bg7 {[%clk 0:03:01]} 4. d4
{[%clk 0:03:03]} Bg4 {[%clk 0:02:56]} 5. Be2 {[%clk 0:03:02]} Nc6
{[%clk 0:02:53]} 6. Nbd2 {[%clk 0:03:01]} e5 {[%clk 0:02:37]} 7. d5
{[%clk 0:03:01]} Nce7 {[%clk 0:02:37]} 8. h3 {[%clk 0:02:52]} Bc8
{[%clk 0:02:35]} 9. c5 {[%clk 0:02:27]} Nf6 {[%clk 0:02:18]} 10. Qa4+
{[%clk 0:02:07]} Nd7 {[%clk 0:02:08]} 11. cxd6 {[%clk 0:01:37]} cxd6
{[%clk 0:02:08]} 12. Qa3 {[%clk 0:01:36]} Nf6 {[%clk 0:01:32]} 13. Bb5+
{[%clk 0:01:14]} Bd7 {[%clk 0:01:33]} 14. Bxd7+ {[%clk 0:01:15]} Qxd7
{[%clk 0:01:35]} 15. O-O {[%clk 0:01:16]} O-O {[%clk 0:01:35]} 16. Re1
{[%clk 0:01:17]} Rfc8 {[%clk 0:01:33]} 17. Qd3 {[%clk 0:01:13]} Nh5
{[%clk 0:01:16]} 18. Nb3 {[%clk 0:00:50]} Qa4 {[%clk 0:00:58]} 19. Bg5
{[%clk 0:00:46]} Kf8 {[%clk 0:00:49]} 20. g3 {[%clk 0:00:46]} Qc4
{[%clk 0:00:45]} 21. Qd2 {[%clk 0:00:37]} Qc2 {[%clk 0:00:33]} 22. Rac1
{[%clk 0:00:37]} Qxd2 {[%clk 0:00:34]} 23. Nfxd2 {[%clk 0:00:38]} Ke8
{[%clk 0:00:27]} 24. Nc4 {[%clk 0:00:33]} Kd7 {[%clk 0:00:26]} 25. Nca5
{[%clk 0:00:33]} Rab8 {[%clk 0:00:17]} 26. Be3 {[%clk 0:00:33]} Rxc1
{[%clk 0:00:11]} 27. Rxc1 {[%clk 0:00:33]} Nc8 {[%clk 0:00:12]} 28. Nc4
{[%clk 0:00:28]} Nf6 {[%clk 0:00:10]} 29. Nbd2 {[%clk 0:00:26]} Ne8
{[%clk 0:00:11]} 30. a4 {[%clk 0:00:27]} f5 {[%clk 0:00:10]} 31. f4
{[%clk 0:00:25]} exf4 {[%clk 0:00:10]} 32. Bxf4 {[%clk 0:00:25]} Bd4+
{[%clk 0:00:05]} 33. Kg2 {[%clk 0:00:25]} Nb6 {[%clk 0:00:05]} 34. Nf3
{[%clk 0:00:21]} Nxc4 {[%clk 0:00:05]} 35. Nxd4 {[%clk 0:00:15]} Nxb2
{[%clk 0:00:06]} 36. exf5 {[%clk 0:00:16]} Nd3 {[%clk 0:00:04]} 37. Rf1
{[%clk 0:00:17]} gxf5 {[%clk 0:00:05]} 38. Nxf5 {[%clk 0:00:18]} Rc8
{[%clk 0:00:06]} 39. Be3 {[%clk 0:00:19]} Rc2+ {[%clk 0:00:07]} 40. Kg1
{[%clk 0:00:17]} Ra2 {[%clk 0:00:08]} 41. Bxa7 {[%clk 0:00:16]} Rxa4
{[%clk 0:00:09]} 42. Bd4 {[%clk 0:00:16]} Ra5 {[%clk 0:00:09]} 43. Ne3
{[%clk 0:00:15]} Ne5 {[%clk 0:00:10]} 44. Rf5 {[%clk 0:00:13]} Ra3
{[%clk 0:00:08]} 45. Bxe5 {[%clk 0:00:11]} Rxe3 {[%clk 0:00:09]} 46. Rf7+
{[%clk 0:00:11]} Kd8 {[%clk 0:00:09]} 47. Bf4 {[%clk 0:00:13]} Re1+
{[%clk 0:00:10]} 48. Kf2 {[%clk 0:00:14]} Rd1 {[%clk 0:00:11]} 49. Rxh7
{[%clk 0:00:11]} b5 {[%clk 0:00:12]} 50. Rb7 {[%clk 0:00:06]} Rxd5
{[%clk 0:00:13]} 51. h4 {[%clk 0:00:08]} Nc7 {[%clk 0:00:11]} 52. Rb8+
{[%clk 0:00:08]} Kd7 {[%clk 0:00:13]} 53. g4 {[%clk 0:00:09]} Ne6
{[%clk 0:00:14]} 54. Be3 {[%clk 0:00:10]} Rd1 {[%clk 0:00:10]} 55. h5
{[%clk 0:00:11]} Ke7 {[%clk 0:00:11]} 56. Rxb5 {[%clk 0:00:11]} d5
{[%clk 0:00:11]} 57. g5 {[%clk 0:00:11]} d4 {[%clk 0:00:12]} 58. Rb7+
{[%clk 0:00:09]} Kd6 {[%clk 0:00:13]} 59. Ke2 {[%clk 0:00:10]} Rh1
{[%clk 0:00:13]} 60. Bd2 {[%clk 0:00:09]} Rh2+ {[%clk 0:00:14]} 61. Kd1
{[%clk 0:00:10]} Rxh5 {[%clk 0:00:15]} 62. g6 {[%clk 0:00:11]} Rh1+
{[%clk 0:00:16]} 63. Kc2 {[%clk 0:00:12]} Rg1 {[%clk 0:00:17]} 64. Bb4+
{[%clk 0:00:09]} Kd5 {[%clk 0:00:16]} 65. Rd7+ {[%clk 0:00:08]} Ke5
{[%clk 0:00:16]} 66. Bd6+ {[%clk 0:00:08]} Kf6 {[%clk 0:00:14]} 67. Rf7+
{[%clk 0:00:08]} Kxg6 {[%clk 0:00:15]} 68. Rf3 {[%clk 0:00:08]} Ra1
{[%clk 0:00:10]} 69. Be5 {[%clk 0:00:07]} Ra5 {[%clk 0:00:11]} 70. Rf6+
{[%clk 0:00:09]} Kg5 {[%clk 0:00:13]} 71. Rxe6 {[%clk 0:00:09]} Kf5
{[%clk 0:00:14]} 72. Rh6 {[%clk 0:00:07]} Rxe5 1/2-1/2

[Event "Blitz 2018"]
[Site "Saint-Petersburg"]
[Date "2018.12.29"]
[Round "2"]
[Board "47"]
[White "Zhigalko Sergei (BLR)"]
[Black "Nozdrachev Vladislav (RUS)"]
[Result "1-0"]
[LiveChessVersion "1.4.8"]
[BlackElo "2521"]
[WhiteElo "2693"]

1. e4 {[%clk 0:03:03]} e5 {[%clk 0:03:03]} 2. Nf3 {[%clk 0:03:04]} Nc6
{[%clk 0:03:04]} 3. Bb5 {[%clk 0:03:05]} a6 {[%clk 0:03:05]} 4. Ba4
{[%clk 0:03:06]} d6 {[%clk 0:03:06]} 5. O-O {[%clk 0:03:02]} Bd7 {[%clk 0:03:08]}
6. c3 {[%clk 0:03:03]} g5 {[%clk 0:03:08]} 7. d4 {[%clk 0:02:51]} g4
{[%clk 0:03:05]} 8. Ne1 {[%clk 0:02:45]} b5 {[%clk 0:03:06]} 9. Bb3
{[%clk 0:02:43]} Bg7 {[%clk 0:03:07]} 10. Be3 {[%clk 0:02:36]} Nge7
{[%clk 0:03:00]} 11. dxe5 {[%clk 0:02:19]} Nxe5 {[%clk 0:02:59]} 12. Nd2
{[%clk 0:02:19]} N7g6 {[%clk 0:02:57]} 13. f4 {[%clk 0:02:15]} gxf3
{[%clk 0:02:54]} 14. Nexf3 {[%clk 0:02:15]} O-O {[%clk 0:02:53]} 15. Kh1
{[%clk 0:02:13]} Be6 {[%clk 0:02:47]} 16. Nd4 {[%clk 0:02:12]} Bxb3
{[%clk 0:02:21]} 17. axb3 {[%clk 0:02:11]} Bf6 {[%clk 0:02:15]} 18. N2f3
{[%clk 0:01:46]} Kh8 {[%clk 0:01:43]} 19. Nf5 {[%clk 0:01:43]} Rg8
{[%clk 0:01:37]} 20. Qd2 {[%clk 0:01:41]} Nxf3 {[%clk 0:01:34]} 21. gxf3
{[%clk 0:01:17]} Nh4 {[%clk 0:01:29]} 22. Nxh4 {[%clk 0:00:49]} Bxh4
{[%clk 0:01:30]} 23. Qd5 {[%clk 0:00:29]} Qe8 {[%clk 0:01:19]} 24. Rg1
{[%clk 0:00:21]} Rg6 {[%clk 0:01:04]} 25. Bd4+ {[%clk 0:00:14]} Kg8
{[%clk 0:00:55]} 26. Qh5 {[%clk 0:00:10]} Qe7 {[%clk 0:00:54]} 27. Qd5
{[%clk 0:00:06]} Qe8 {[%clk 0:00:30]} 28. Rg2 {[%clk 0:00:07]} Be7
{[%clk 0:00:27]} 29. Rag1 {[%clk 0:00:07]} Kf8 {[%clk 0:00:15]} 30. Qh5
{[%clk 0:00:08]} Qc6 {[%clk 0:00:07]} 31. Qxh7 {[%clk 0:00:06]} Ke8
{[%clk 0:00:07]} 32. Rxg6 {[%clk 0:00:03]} fxg6 {[%clk 0:00:08]} 33. Qxg6+
{[%clk 0:00:04]} Kd8 {[%clk 0:00:06]} 34. Qe6 {[%clk 0:00:04]} 1-0

[Event "Blitz 2018"]
[Site "Saint-Petersburg"]
[Date "2018.12.29"]
[Round "2"]
[Board "48"]
[White "Goganov Aleksey (RUS)"]
[Black "Ragger Markus (AUT)"]
[Result "1-0"]
[LiveChessVersion "1.4.8"]
[BlackElo "2677"]
[WhiteElo "2539"]

1. d4 {[%clk 0:03:02]} Nf6 {[%clk 0:03:04]} 2. c4 {[%clk 0:03:03]} g6
{[%clk 0:03:05]} 3. Nc3 {[%clk 0:03:04]} d5 {[%clk 0:03:06]} 4. cxd5
{[%clk 0:03:04]} Nxd5 {[%clk 0:03:07]} 5. e4 {[%clk 0:03:04]} Nxc3
{[%clk 0:03:08]} 6. bxc3 {[%clk 0:03:05]} Bg7 {[%clk 0:03:09]} 7. Bg5
{[%clk 0:03:05]} O-O {[%clk 0:02:51]} 8. Nf3 {[%clk 0:03:05]} c5 {[%clk 0:02:52]}
9. Qd2 {[%clk 0:03:04]} Bg4 {[%clk 0:02:51]} 10. d5 {[%clk 0:02:58]} Qd6
{[%clk 0:02:51]} 11. Be2 {[%clk 0:02:47]} Nd7 {[%clk 0:02:48]} 12. O-O
{[%clk 0:02:38]} b5 {[%clk 0:02:43]} 13. Bxb5 {[%clk 0:02:18]} Bxf3
{[%clk 0:02:28]} 14. gxf3 {[%clk 0:02:19]} Ne5 {[%clk 0:02:29]} 15. Be2
{[%clk 0:02:18]} f5 {[%clk 0:02:29]} 16. f4 {[%clk 0:02:15]} Nf7 {[%clk 0:01:44]}
17. e5 {[%clk 0:02:15]} Qc7 {[%clk 0:01:45]} 18. Bh4 {[%clk 0:02:10]} g5
{[%clk 0:01:45]} 19. Bxg5 {[%clk 0:02:10]} Nxg5 {[%clk 0:01:42]} 20. fxg5
{[%clk 0:02:11]} Qxe5 {[%clk 0:01:35]} 21. f4 {[%clk 0:01:55]} Qxc3
{[%clk 0:01:36]} 22. Qxc3 {[%clk 0:01:54]} Bxc3 {[%clk 0:01:37]} 23. Rab1
{[%clk 0:01:55]} Rab8 {[%clk 0:01:34]} 24. Bc4 {[%clk 0:01:53]} Kg7
{[%clk 0:01:29]} 25. Kg2 {[%clk 0:01:54]} Rb4 {[%clk 0:01:22]} 26. Rxb4
{[%clk 0:01:55]} cxb4 {[%clk 0:01:23]} 27. Rf2 {[%clk 0:01:53]} Rc8
{[%clk 0:01:16]} 28. Bb3 {[%clk 0:01:54]} Bd4 {[%clk 0:00:36]} 29. Re2
{[%clk 0:01:52]} Kf8 {[%clk 0:00:37]} 30. Bc2 {[%clk 0:01:47]} Rc4
{[%clk 0:00:21]} 31. Bxf5 {[%clk 0:01:44]} Bc5 {[%clk 0:00:22]} 32. Rc2
{[%clk 0:01:21]} Rxc2+ {[%clk 0:00:21]} 33. Bxc2 {[%clk 0:01:22]} Kg7
{[%clk 0:00:22]} 34. Kf3 {[%clk 0:01:20]} a5 {[%clk 0:00:22]} 35. Kg4
{[%clk 0:01:21]} h6 {[%clk 0:00:17]} 36. h4 {[%clk 0:01:20]} Be3 {[%clk 0:00:18]}
37. Ba4 {[%clk 0:01:12]} Bd2 {[%clk 0:00:19]} 38. Kf3 {[%clk 0:01:09]} Bc1
{[%clk 0:00:19]} 39. Bd7 {[%clk 0:01:10]} Bd2 {[%clk 0:00:20]} 40. Kg4
{[%clk 0:01:11]} Be3 {[%clk 0:00:21]} 41. f5 {[%clk 0:01:02]} hxg5
{[%clk 0:00:22]} 42. hxg5 {[%clk 0:01:03]} Bc5 {[%clk 0:00:23]} 43. Ba4
{[%clk 0:00:58]} Bd6 {[%clk 0:00:24]} 44. Kh5 {[%clk 0:00:55]} Be5
{[%clk 0:00:24]} 45. Bb3 {[%clk 0:00:56]} Bd6 {[%clk 0:00:25]} 46. Kg4
{[%clk 0:00:57]} Be5 {[%clk 0:00:27]} 47. Kf3 {[%clk 0:00:59]} Bd6
{[%clk 0:00:27]} 48. Bc2 {[%clk 0:01:00]} Be5 {[%clk 0:00:28]} 49. Ke4
{[%clk 0:01:01]} Bd6 {[%clk 0:00:29]} 50. Bd1 {[%clk 0:01:02]} Bc7
{[%clk 0:00:25]} 51. Kd4 {[%clk 0:00:59]} Bf4 {[%clk 0:00:26]} 52. g6
{[%clk 0:01:00]} Kf6 {[%clk 0:00:21]} 53. Bc2 {[%clk 0:01:02]} Bd6
{[%clk 0:00:16]} 54. Kc4 {[%clk 0:01:03]} Kg7 {[%clk 0:00:17]} 55. Kb5
{[%clk 0:01:04]} Bc7 {[%clk 0:00:17]} 56. Kc6 {[%clk 0:01:04]} Bd6
{[%clk 0:00:19]} 57. Kd7 {[%clk 0:01:05]} Kf6 {[%clk 0:00:17]} 58. Ke8
{[%clk 0:01:06]} Kg7 {[%clk 0:00:19]} 59. Kd8 {[%clk 0:00:56]} Bc5
{[%clk 0:00:17]} 60. Kd7 {[%clk 0:00:57]} Kf6 {[%clk 0:00:18]} 61. Kc6
{[%clk 0:00:57]} Bd6 {[%clk 0:00:18]} 62. Kb6 {[%clk 0:00:58]} Kg7
{[%clk 0:00:18]} 63. Kxa5 {[%clk 0:00:59]} Kf6 {[%clk 0:00:19]} 64. Kb5
{[%clk 0:01:00]} Kg7 {[%clk 0:00:21]} 65. Kc6 {[%clk 0:01:02]} Kf6
{[%clk 0:00:19]} 66. Kb6 {[%clk 0:01:03]} Kg7 {[%clk 0:00:20]} 67. Kb5
{[%clk 0:01:04]} Kf6 {[%clk 0:00:21]} 68. Kc6 {[%clk 0:01:05]} Kg7
{[%clk 0:00:22]} 69. Kd7 {[%clk 0:01:06]} Kf6 {[%clk 0:00:18]} 70. Ke8
{[%clk 0:01:07]} Kg7 {[%clk 0:00:19]} 71. Ba4 {[%clk 0:01:06]} Bc5
{[%clk 0:00:19]} 72. Bd7 {[%clk 0:01:05]} Bd6 {[%clk 0:00:15]} 73. Bc8
{[%clk 0:01:05]} Bc5 {[%clk 0:00:15]} 74. Bd7 {[%clk 0:00:57]} Bd6
{[%clk 0:00:16]} 75. Be6 {[%clk 0:00:58]} Bc5 {[%clk 0:00:16]} 76. Bc8
{[%clk 0:00:48]} Bd6 {[%clk 0:00:17]} 77. Kd7 {[%clk 0:00:49]} Kf6
{[%clk 0:00:14]} 78. Ba6 {[%clk 0:00:50]} Bc5 {[%clk 0:00:15]} 79. Bd3
{[%clk 0:00:49]} Bd6 {[%clk 0:00:16]} 80. Ke8 {[%clk 0:00:39]} Kg7
{[%clk 0:00:17]} 81. f6+ {[%clk 0:00:34]} Kxf6 {[%clk 0:00:13]} 82. Kf8
{[%clk 0:00:32]} e6+ {[%clk 0:00:10]} 83. Kg8 {[%clk 0:00:29]} Be5
{[%clk 0:00:09]} 84. d6 {[%clk 0:00:26]} Bd4 {[%clk 0:00:03]} 85. g7
{[%clk 0:00:24]} 1-0

[Event "Blitz 2018"]
[Site "Saint-Petersburg"]
[Date "2018.12.29"]
[Round "2"]
[Board "49"]
[White "Esipenko Andrey (RUS)"]
[Black "Anikonov Dmitry (RUS)"]
[Result "1/2-1/2"]
[LiveChessVersion "1.4.8"]
[BlackElo "2511"]
[WhiteElo "2673"]

1. d4 {[%clk 0:02:14]} Nf6 {[%clk 0:03:03]} 2. Nf3 {[%clk 0:02:15]} e6
{[%clk 0:03:03]} 3. Bf4 {[%clk 0:02:16]} b6 {[%clk 0:03:04]} 4. e3
{[%clk 0:02:17]} Bb7 {[%clk 0:03:06]} 5. Be2 {[%clk 0:02:19]} g6 {[%clk 0:03:07]}
6. c4 {[%clk 0:02:18]} Bg7 {[%clk 0:03:08]} 7. Nc3 {[%clk 0:02:17]} O-O
{[%clk 0:03:08]} 8. O-O {[%clk 0:02:15]} d6 {[%clk 0:03:09]} 9. h3
{[%clk 0:02:15]} Nbd7 {[%clk 0:03:10]} 10. Bh2 {[%clk 0:02:15]} Qe7
{[%clk 0:03:09]} 11. Qc2 {[%clk 0:02:12]} h6 {[%clk 0:03:05]} 12. Nd2
{[%clk 0:02:10]} e5 {[%clk 0:03:03]} 13. Bf3 {[%clk 0:02:11]} c6 {[%clk 0:02:55]}
14. b4 {[%clk 0:02:05]} Rac8 {[%clk 0:02:40]} 15. Rac1 {[%clk 0:02:02]} d5
{[%clk 0:02:34]} 16. c5 {[%clk 0:01:57]} bxc5 {[%clk 0:02:18]} 17. bxc5
{[%clk 0:01:57]} Ba6 {[%clk 0:02:18]} 18. Rfd1 {[%clk 0:01:54]} e4
{[%clk 0:02:11]} 19. Be2 {[%clk 0:01:51]} Bxe2 {[%clk 0:02:09]} 20. Nxe2
{[%clk 0:01:51]} Ne8 {[%clk 0:01:41]} 21. Qa4 {[%clk 0:01:52]} f5
{[%clk 0:01:22]} 22. Nf4 {[%clk 0:01:38]} Kh7 {[%clk 0:01:16]} 23. Qxa7
{[%clk 0:01:29]} Qf7 {[%clk 0:01:11]} 24. Rb1 {[%clk 0:01:23]} g5
{[%clk 0:01:09]} 25. Ne2 {[%clk 0:01:21]} Nef6 {[%clk 0:01:08]} 26. Bd6
{[%clk 0:01:21]} Ra8 {[%clk 0:01:06]} 27. Qb7 {[%clk 0:01:19]} Rfc8
{[%clk 0:01:05]} 28. a4 {[%clk 0:01:17]} Qe8 {[%clk 0:01:06]} 29. Ra1
{[%clk 0:01:14]} f4 {[%clk 0:01:07]} 30. a5 {[%clk 0:01:09]} f3 {[%clk 0:01:07]}
31. Ng3 {[%clk 0:01:10]} fxg2 {[%clk 0:00:58]} 32. Kxg2 {[%clk 0:01:01]} Qe6
{[%clk 0:00:51]} 33. a6 {[%clk 0:01:01]} h5 {[%clk 0:00:49]} 34. Rh1
{[%clk 0:01:02]} h4 {[%clk 0:00:49]} 35. Ne2 {[%clk 0:01:03]} Nh5
{[%clk 0:00:43]} 36. a7 {[%clk 0:00:58]} Qf5 {[%clk 0:00:35]} 37. Raf1
{[%clk 0:00:48]} g4 {[%clk 0:00:26]} 38. Nf4 {[%clk 0:00:45]} Nxf4+
{[%clk 0:00:23]} 39. Bxf4 Rg8 40. hxg4 {[%clk 0:00:42]} Qxg4+ {[%clk 0:00:16]}
41. Kh2 {[%clk 0:00:43]} Be5 {[%clk 0:00:17]} 42. Rhg1 {[%clk 0:00:30]} Bxf4+
{[%clk 0:00:18]} 43. exf4 {[%clk 0:00:32]} Qxf4+ {[%clk 0:00:18]} 44. Kh1
{[%clk 0:00:33]} Qf5 {[%clk 0:00:16]} 45. Kh2 {[%clk 0:00:31]} Qf4+
{[%clk 0:00:16]} 46. Kh1 {[%clk 0:00:32]} Qf5 {[%clk 0:00:18]} 47. Kh2 Qf4+
1/2-1/2